Name that 2010s rapper - Statistics

General Stats
  • This quiz has been taken 95 times
  • The average score is 36 of 66
Answer Stats
Song Rapper % Correct
Sicko Mode Travis Scott
98%
God's Plan Drake
95%
Humble Kendrick Lamar
92%
Gucci Gang Lil Pump
92%
XO TOUR Llif3 Lil Uzi Vert
92%
Mask Off Future
91%
Look at Me! XXXTENTACION
91%
Lucid Dreams Juice WRLD
90%
Bank Account 21 Savage
84%
Rockstar Post Malone
84%
Mo Bamba Sheck Wes
84%
Middle Child J. Cole
83%
Bad And Boujee Migos
83%
Magnolia Playboi Carti
82%
This Is America Childish Gambino
81%
Tunnel Vision Kodak Black
81%
Praise The Lord A$AP Rocky
80%
Bodak Yellow Cardi B
78%
Super Bass Nicki Minaj
77%
Dior Pop Smoke
77%
Love Sosa Chief Keef
75%
Panda Desiigner
75%
Trap Queen Fetty Wap
75%
Broccoli DRAM / Lil Yachty
74%
Black And Yellow Wiz Khalifa
72%
Hot Young Thug / Gunna
72%
Yes Indeed Lil Baby
70%
Pop Out Polo G / Lil Tjay
65%
Thotiana Blueface
63%
Ultimate Denzel Curry
58%
Self Care Mac Miller
58%
Drowning A Boogie wit da Hoodie
57%
Black Beatles Rae Sremmurd
57%
Who Dat Boy Tyler, The Creator
53%
Hot Ni**a Bobby Schmurda
52%
Unforgettable French Montana
52%
The Race Tay-K
52%
Dreams And Nightmares Meek Mill
51%
I Don't Fuck With You Big Sean
45%
Plain Jane A$AP Ferg
42%
Fancy Iggy Azalea
41%
Cocoa Butter Kisses Chance The Rapper
40%
Off Deez J.I.D.
39%
Shutdown Skepta
39%
2 Phones Kevin Gates
38%
Plug Walk Rich The Kid
38%
Topanga Trippie Redd
36%
Look Alive Blocboy JB
35%
Save That Shit Lil Peep
34%
Man of the Year ScHoolboy Q
34%
Caroline Amine
31%
My Ni**a YG
31%
Catch Me Outside Ski Mask The Slump God
30%
Norf Norf Vince Staples
28%
Pick It Up Famous Dex
27%
Mooo! Doja Cat
24%
I'm Different 2 Chainz
23%
Grinding All My Life Nipsey Hussle
17%
All Gold Everything Trinidad James
17%
Crew Goldlink
16%
4r Da Squaw Isaiah Rashad
15%
Numbers On The Board Pusha T
13%
Drank In My Cup Kirko Bangz
10%
U Guessed It OG Maco
8%
Try Me Dej Loaf
7%
Down On My Luck Vic Mensa
3%
No matching quizzes found
Score Distribution
Percent of People with Each Score
Percentile by Number Answered
Your Score History
You have not taken this quiz